សិក្សារពីផែនការប្រើប្រាស់ដីធ្លីដោយផ្តោតទៅលើតំបន់កសិឧស្សាហកកម្ម (Record no. 18485)

000 -LEADER
fixed length control field 00493nam a22001337a 4500
040 ## - CATALOGING SOURCE
Transcribing agency RUA
082 ## - DEWEY DECIMAL CLASSIFICATION NUMBER
Classification number LMA LON 2017 B652 Or.
100 ## - MAIN ENTRY--AUTHOR NAME
Personal name LONG SAM ANG ឡុង សំអាន
245 ## - TITLE STATEMENT
Title សិក្សារពីផែនការប្រើប្រាស់ដីធ្លីដោយផ្តោតទៅលើតំបន់កសិឧស្សាហកកម្ម
260 ## - PUBLICATION, DISTRIBUTION, ETC. (IMPRINT)
Place of publication RUA
Name of publisher Phnom penh
Year of publication 2017
300 ## - PHYSICAL DESCRIPTION
Number of Pages x;53p
Other physical details ill;
Dimensions 29cm
856 ## - ELECTRONIC LOCATION AND ACCESS
Uniform Resource Identifier LONG SAM ANG
942 ## - ADDED ENTRY ELEMENTS (KOHA)
Koha item type LMA
952 ## - LOCATION AND ITEM INFORMATION (KOHA)
Withdrawn status [LOCAL, KOHA] 0
952 ## - LOCATION AND ITEM INFORMATION (KOHA)
Withdrawn status [LOCAL, KOHA] 0
952 ## - LOCATION AND ITEM INFORMATION (KOHA)
Withdrawn status [LOCAL, KOHA] 0
952 ## - LOCATION AND ITEM INFORMATION (KOHA)
Withdrawn status [LOCAL, KOHA] 0
952 ## - LOCATION AND ITEM INFORMATION (KOHA)
Withdrawn status [LOCAL, KOHA] 0
952 ## - LOCATION AND ITEM INFORMATION (KOHA)
Withdrawn status [LOCAL, KOHA] 0
Holdings
Permanent Location Date acquired Koha item type Lost status Shelving location Barcode Current Location Full call number
Library Block B2019-12-09LMA B652A063611Library Block BLMA LON 2017 B652 Or.1
Library Block B2019-12-09LMA B652A063555Library Block BLMA LON 2017 B652 Or.2
Library Block B2019-12-09LMA B652A063615Library Block BLMA LON 2017 B652 Or.3
Library Block B2019-12-09LMA B652A063855Library Block BLMA LON 2017 B652 Or.4
Library Block B2019-12-09LMA B652A063915Library Block BLMA LON 2017 B652 Or.6
Library Block B2019-12-09LMA B652A063675Library Block BLMA LON 2017 B652 Or.6
មជ្ឈមណ្ឌលឯការនៃសាកលវិទ្យាល័យភូមិន្ទកសិកម្មចំការដូង

Powered by Koha